000 00434nam a2200181Ia 4500
001 12867
005 20260306163012.0
008 260306t2010||||xx |||||||||||||| ||spa||
041 _aESP
082 _aRD 413.1
_bS21
100 _aAsociación de Academias
_eAUT
245 0 _aDiccionario de americanismos
260 _c2010
300 _a2332 pƔginas :
_c25 cm.
650 _aGEN
654 _aCHU
942 _cDIC
_dJUS
_fJUS
_2ddc
_n
999 _c12867
_d12867